[Event "Arco op 45th"]
[Site "Arco"]
[Date "2023.10.10"]
[Round "4"]
[White "Burri, Roland"]
[Black "Lepri, Martino"]
[Result "0-1"]
[WhiteElo "1432"]
[BlackElo "1602"]
[PlyCount "62"]
[EventDate "2023.10.07"]
[EventType "swiss"]
[EventRounds "9"]
[EventCountry "ITA"]
[SourceTitle "Mega2024 Update 01"]
[Source "Chessbase"]
[SourceDate "2023.11.12"]
[SourceVersion "1"]
[SourceVersionDate "2023.11.12"]
[SourceQuality "1"]

1. e4 c6 2. d4 d5 3. exd5 cxd5 4. Bd3 Nf6 5. Nc3 Bg4 6. Be2 Bxe2 7. Qxe2 e6 8. a3 Be7 9. Nf3 Nc6 10. 0-0 0-0 11. h3 Rc8 12. Bf4 Qb6 13. Qd3 Nh5 14. Bh2 g6 15. Ne2 Bf6 16. c3 a6 17. Rab1 Na5 18. Ne5 Qd8 19. Nf4 Bxe5 20. dxe5 Qh4 21. Nxh5 Qxh5 22. Rfe1 Nc4 23. Ra1 Nxb2 24. Qb1 Nc4 25. Qxb7 a5 26. Qa7 Rb8 27. Rab1 Rxb1 28. Rxb1 Nxa3 29. Rc1 Nc4 30. f4 Qe2 31. Bg3 Qe3+ 0-1